SPSS 17: extracción del conocimiento a partir del análisis de datos (Registro nro. 2713)
[ vista simple ]
| 000 -Cabecera | |
|---|---|
| Campo de control de longitud fija | 01037aam a2200373 4500 |
| 005 - Fecha y hora de la última transacción | |
| Campo de control | 20251127160859.0 |
| 008 - Elementos de longitud fija--Información general | |
| Campo de control de longitud fija | 150608b2010 xxu||||| |||| 00| 0 spa d |
| 020 ## - International Standard Book Number | |
| Número Internacional Estándar del Libro (ISBN) | 9786077070276 |
| 041 ## - Idioma | |
| Código de idioma | Español |
| 082 ## - Clasificación Decimal Dewey | |
| Número de clasificación | 519.502.85 V144s |
| 100 ## - Entrada principal--Autor personal | |
| Nombre personal | Valderrey Sanz, Pablo |
| 9 (RLIN) | 23814 |
| 245 ## - Título propiamente dicho | |
| Título | SPSS 17: extracción del conocimiento a partir del análisis de datos |
| 260 ## - Pie de imprenta | |
| Lugar de publicación, distribución, etc. | México |
| 260 ## - Pie de imprenta | |
| Nombre del editor, distribuidor, etc. | Alfaomega |
| 260 ## - Pie de imprenta | |
| Fecha de publicación, distribución, etc. | 2010 |
| 300 ## - Descripción física | |
| Extensión | 464 páginas |
| 490 ## - Serie | |
| Título de la Serie | Gestión de Calidad |
| 490 ## - Serie | |
| Título de la Serie | Dirección y Administración de Empresas |
| 650 ## - Materia general | |
| Temática (materia general) | ESTADÍSTICA |
| 650 ## - Materia general | |
| Temática (materia general) | PROCESAMIENTO DE DATOS |
| 650 ## - Materia general | |
| Temática (materia general) | GRÁFICOS |
| 650 ## - Materia general | |
| Temática (materia general) | SPSS |
| 650 ## - Materia general | |
| Temática (materia general) | TÉCNICAS DE ANÁLISIS |
| 650 ## - Materia general | |
| Temática (materia general) | FUENTES DE DATOS |
| 650 ## - Materia general | |
| Temática (materia general) | MUESTREO ESTADÍSTICO |
| 650 ## - Materia general | |
| Temática (materia general) | EXPLORACIÓN DE DATOS |
| 650 ## - Materia general | |
| Temática (materia general) | ANÁLISIS EXPLORATORIO |
| 650 ## - Materia general | |
| Temática (materia general) | TRANSFORMACIÓN DE DATOS |
| 650 ## - Materia general | |
| Temática (materia general) | EVALUACIÓN DE RESULTADOS |
| 650 ## - Materia general | |
| Temática (materia general) | INTERPRETACIÓN DE RESULTADOS |
| 942 ## - Punto de acceso adicional KOHA | |
| Tipo de ítem KOHA | Libro |
| Fuente del sistema de clasificación o colocación | Dewey Decimal Classification |
| Signatura completa | Código de barras | Programa Académico | Tipo de ítem |
|---|---|---|---|
| 519.502.85 V144s | 15945 | Libro | |
| 519.502.85 V144s | 15946 | Libro |